ARRUPE JESUIT UNIVERSITY

CORONAVIRUS -STOP THE SPREAD - CLEAN,DISINFECT,COVER

The absoluteness of Christianity and the history of religions. (Record no. 131522)

MARC details
000 -LEADER
fixed length control field 01203cam a2200337 4500
001 - CONTROL NUMBER
control field 4571873
003 - CONTROL NUMBER IDENTIFIER
control field ARRUPE
005 - DATE AND TIME OF LATEST TRANSACTION
control field 20221116104048.0
008 - FIXED-LENGTH DATA ELEMENTS--GENERAL INFORMATION
fixed length control field 710921s1971 vau b 000 0 eng
010 ## - LIBRARY OF CONGRESS CONTROL NUMBER
LC control number 74133242
020 ## - INTERNATIONAL STANDARD BOOK NUMBER
International Standard Book Number 0804204624
028 ## - PUBLISHER NUMBER
Source Arrupe
040 ## - CATALOGING SOURCE
Original cataloging agency DLC
Transcribing agency DLC
Modifying agency DLC
041 1# - LANGUAGE CODE
Language code of text/sound track or separate title eng
Language code of original and/or intermediate translations of text ger
050 00 - LIBRARY OF CONGRESS CALL NUMBER
Classification number BT60
Item number .T7613 1971
082 00 - DEWEY DECIMAL CLASSIFICATION NUMBER
Classification number 201
300 ## - PHYSICAL DESCRIPTION
Dimensions 21 cm.
100 1# - MAIN ENTRY--PERSONAL NAME
Personal name Troeltsch, Ernst,
Dates associated with a name 1865-1923.
9 (RLIN) 51848
240 10 - UNIFORM TITLE
Uniform title <a href="Absolutheit des Christentums und die Religionsgeschichte.">Absolutheit des Christentums und die Religionsgeschichte.</a>
Language of a work English
245 14 - TITLE STATEMENT
Title The absoluteness of Christianity and the history of religions.
Statement of responsibility, etc Introd. by James Luther Adams. Translated by David Reid.
260 ## - PUBLICATION, DISTRIBUTION, ETC. (IMPRINT)
Place of publication, distribution, etc Richmond,
Name of publisher, distributor, etc John Knox Press
Date of publication, distribution, etc [1971]
300 ## - PHYSICAL DESCRIPTION
Extent 173 p.
490 0# - SERIES STATEMENT
Series statement Research in theology
500 ## - GENERAL NOTE
General note Translation of Die Absolutheit des Christentums und die Religionsgeschichte, 3d ed.
504 ## - BIBLIOGRAPHY, ETC. NOTE
Bibliography, etc Includes bibliographical references.
650 #0 - SUBJECT ADDED ENTRY--TOPICAL TERM
Topical term or geographic name as entry element Christianity
General subdivision Essence, genius, nature.
9 (RLIN) 11278
650 #0 - SUBJECT ADDED ENTRY--TOPICAL TERM
Topical term or geographic name as entry element Religion
General subdivision Study and teaching.
9 (RLIN) 11779
650 #0 - SUBJECT ADDED ENTRY--TOPICAL TERM
Topical term or geographic name as entry element Christianity and other religions.
650 #0 - SUBJECT ADDED ENTRY--TOPICAL TERM
Topical term or geographic name as entry element Theology
General subdivision Methodology.
906 ## - LOCAL DATA ELEMENT F, LDF (RLIN)
a 7
b cbc
c orignew
d 2
e ncip
f 19
g y-gencatlg
942 ## - ADDED ENTRY ELEMENTS (KOHA)
Source of classification or shelving scheme Library of Congress Classification
Koha item type Monograph ( Printed materials)
Holdings
Withdrawn status Lost status Source of classification or shelving scheme Damaged status Not for loan Home library Current library Shelving location Date acquired Total Checkouts Full call number Barcode Date last seen Price effective from Koha item type
    Library of Congress Classification     ARRUPE LIBRARY ARRUPE LIBRARY Main Collection 16/11/2022   BT60 .T7613 1971 46700000061 16/11/2022 16/11/2022 Monograph ( Printed materials)

 

Arrupe Library. PO Box MP320 Mt Pleasant, Harare, Zimbabwe
263 242 745411|librarian@aju.ac.zw